000 00833nam a2200253Ia 4500
003 OSt
005 20220918172002.0
006 a|||||r|||| 00| 0
007 ta
008 220917b |||||||| |||| 00| 0 eng d
020 _a9788194646846 (hbk)
_cINR 5599.00
024 _a354,846
037 _b62671, 29/12/2021, Segment Book Distributors
_cTextual
040 _aARTS
_cARTS
_beng
041 _2eng
_aeng
082 _a2,b, Q0(2D)
100 _aSingh K P Au.
245 0 _aPlaying from the front
_b story of unfold acts of a library & informtion science teacher
260 _aNew Delhi
_bAKS Publishing House India
_c2020
300 _avi,505p.
_ccm.
650 _aLIBRARY SCIENCE
942 _h2,b, Q0(2D)
_cTEXL
_2CC
999 _c142159
_d142159